Statistics for Companies by Google Description

Click here to take the quiz!

General Stats

  • This quiz has been taken 9 times
  • The average score is 8 of 10

Answer Stats

QuestionAnswer% Correct
An American multinational beverage corporation.Coca-Cola
100%
An American multinational retail corporation that operates a chain of hypermarkets, discount department stores, and grocery stores from the United States, headquartered in Bentonville, Arkansas.Wal-Mart
100%
An American multinational technology company that specializes in consumer electronics, software and online services headquartered in Cupertino, California, United States.Apple
88%
An American multinational company and one of the largest chocolate manufacturers in the world. It also manufactures baked products, such as cookies and cakes, and sells beverages like milkshakesHershey
88%
A photo and video sharing social networking service founded in 2010 by Kevin Systrom and Mike Krieger, and later acquired by American company Facebook Inc., now known as Meta Platforms.Instagram
75%
An American multinational conglomerate holding company headquartered in Pawtucket, Rhode Island. They owns the trademarks and products of Kenner, Parker Brothers, and Milton Bradley, among others.Hasbro
63%
A German luxury and commercial vehicle automotive brand established in 1926.Mercedes
63%
An American multinational corporation that is engaged in the design, development, manufacturing, and worldwide marketing and sales of footwear, apparel, equipment, accessories, and services.Nike
63%
An American spacecraft manufacturer, space launch provider, and a satellite communications corporation headquartered in Hawthorne, California.SpaceX
63%
An American-based chain of fast food restaurants founded in 1962 by Glen Bell in Irvine, California.Taco Bell
50%

Score Distribution

Percentile by Number Answered

Percent of People with Each Score

Your Score History

You have not taken this quiz